Grandes del romanticismo en México /

-д хадгалсан:
Номзүйн дэлгэрэнгүй
Байгууллагын зохиогч: Orquesta Filarmónica de la Ciudad de México (ejecución musical)
Бусад зохиолчид: Villanueva, Felipe (música) (música), Castro, Ricardo (música) (música), Rolón, José (música) (música), Bernal Jiménez, Miguel (música) (música), Rosas, Juventino (música) (música), Herrera de la Fuente, Luis (dirección musical) (dirección musical)
Формат: Аудио
Хэвлэсэн: México : Spartacus Discos, 1993, c1993
Цуврал:(Clásicos Mexicanos Spartacus)
Нөхцлүүд:
Шошгууд: Шошго нэмэх
Шошго байхгүй, Энэхүү баримтыг шошголох эхний хүн болох!

MARC

LEADER 00000njm^a2200000^a^4500
001 000186872
005 20250521000000.0
009 20260310102240.408
037 |a Acervo ITESO - Biblioteca 
041 |a SON 
082 |a 784. 071  |b ORQ 
110 |a Orquesta Filarmónica de la Ciudad de México  |e (ejecución musical) 
240 1 1 |a [Vals Poético, de Felipe Villanueva] 
240 1 1 |a [Intermezzo oriental] 
240 1 1 |a [Intermezzo de Atzimba] 
240 1 1 |a [Minuetto, de Ricardo Castro] 
240 1 1 |a [Vals Capricho] 
240 1 4 |a [El festín de los enanos] 
240 1 1 |a [Angelus, de Miguel Bernal Jiménez] 
240 1 1 |a [Vals Sobre las olas] 
245 1 0 |a Grandes del romanticismo en México /  |c Ejecución musical de la Orquesta Filarmónica de la Ciudad de México ; dir. musical de L. Herrera de la Fuente. 
264 4 |a México :  |b Spartacus Discos,  |c 1993, c1993 
300 |a 1 disco compacto sonoro (58 min.) 
336 |a música interpretada  |b prm  |2 rdacontenido 
337 |a audio  |b s  |2 rdamedio 
338 |a disco sonoro  |b sd  |2 rdasoporte 
440 1 |a (Clásicos Mexicanos Spartacus) 
649 |a XX 
650 |a Músicos Mexicanos 
650 |a Artistas Mexicanos 
650 |a Nacionalismo en la Música -  |z México 
650 |a Nacionalismo en el Arte -  |z México 
650 |a Música Romántica -  |z México 
650 |a Música de Concierto -  |z México 
650 |a Música Mexicana -  |y Siglo XX 
700 |a Villanueva, Felipe  |e (música) 
700 |a Castro, Ricardo  |e (música) 
700 |a Rolón, José  |e (música) 
700 |a Bernal Jiménez, Miguel  |e (música) 
700 |a Rosas, Juventino  |e (música) 
700 |a Herrera de la Fuente, Luis  |e (dirección musical) 
910 |a Fondo General 
920 |a Sonoros - CDs 
940 |a CDs de Música 
905 |a 401 
901 |a 0500128746  |b IT2  |c CDM  |u 20250521 
902 |a https://opac.biblio.iteso.mx/vufind/Record/000186872